| 000 | 00639nam a22002417a 4500 | ||
|---|---|---|---|
| 003 | 0 | ||
| 005 | 20180702160536.0 | ||
| 008 | 0 | ||
| 010 | _aB-213524 | ||
| 020 |
_c00.00 _a8170174120 |
||
| 035 | _aB-213524,B-213548 | ||
| 037 | _bCen Lib/Ret | ||
| 040 |
_aDPL _bEN _c0 |
||
| 082 |
_aN _bBAS |
||
| 100 |
_aBasu, Romen _924844 |
||
| 245 |
_aBreach fo faith : _cby Romen Basu _ba novel / |
||
| 260 |
_bAbhinav Punlications _c2002 _aNew Delhi |
||
| 270 |
_aE-37, hauz khas _bNew Delhi _e110016 |
||
| 300 |
_a207p. _c21cm(Hb) |
||
| 650 |
_aLiterature--Fiction _974966 |
||
| 650 |
_aEnglish novels _974967 |
||
| 942 |
_2ddc _cEN _hN _mBAS |
||
| 999 |
_c130035 _d130035 |
||